000 00278nam a2200097Ia 4500
008 241105s9999 xx 000 0 und d
041 _aeng
100 _aChaudhari Janhavi
_9182988
245 _aIkea Headquarters, Mumbai
260 _bBNCA M.Arch. Landscape Architecture
_aPune
_c2019
999 _c362120
_d362120